000 00877nas a2200301 4500
001 BR0103646
003 BR-BrBNA
005 20231205102355.0
007 ta
008 230509b bl.|||p| |||| 00| 00por d
040 _aBR-BrBNA
_bpor
_cBiblioteca Nacional de Agricultura
041 _a(Pt)
072 _aL73
100 1 _aLima, P.R.G. de
100 1 _aMolnar, E.
100 1 _aMolnar, L.
100 1 _aDias, H.L.T.
100 1 _aGuedes, V.T.M.
245 1 _aOcorrencia da infeccao pelo virus da leucose enzootica dos bovinos no Estado do Para
650 _aBovino
650 _aAnalise de Laboratorio
650 _aSangue
650 _aDiagnostico
650 _aLeucose
773 0 _tRevista de Ciencias Agrarias (Brazil)
_xISSN 1517-591X
_g(Jul-Dec 2000), (no. 34) p. 77-84
_wBR0103646
909 _a202311
_bLúcia
_c55
_dLúcia Elande
942 _2AGRIS
_n0
_cANA
999 _c167246
_d167246